Calvinism : (Record no. 10274)

MARC details
000 -LEADER
fixed length control field 01561cam a2200337Ii 4500
001 - CONTROL NUMBER
control field 946010853
003 - CONTROL NUMBER IDENTIFIER
control field OCoLC
005 - DATE AND TIME OF LATEST TRANSACTION
control field 20241126110728.0
008 - FIXED-LENGTH DATA ELEMENTS--GENERAL INFORMATION
fixed length control field 160401s2016 enka b 001 0 eng d
010 ## -
-- 2016947627
020 ## - INTERNATIONAL STANDARD BOOK NUMBER
International Standard Book Number 9780198753711
020 ## - INTERNATIONAL STANDARD BOOK NUMBER
International Standard Book Number 0198753713
035 ## - SYSTEM CONTROL NUMBER
System control number (OCoLC)946010853
040 ## - CATALOGING SOURCE
Original cataloging agency ERASA
Language of cataloging eng
Description conventions rda
Transcribing agency ERASA
Modifying agency YDXCP
-- OCLCO
-- BTCTA
-- YDX
-- OCLCO
-- OCLCF
-- NLTRS
-- TEF
-- KTS
-- NHA
-- IMD
-- LNT
082 ## - DEWEY DECIMAL CLASSIFICATION NUMBER
Classification number 284.2
Item number BAL
100 1# - MAIN ENTRY--PERSONAL NAME
Personal name Balserak, Jon,
Relator term author
9 (RLIN) 17858
245 10 - TITLE STATEMENT
Title Calvinism :
Remainder of title a very short introduction /
Statement of responsibility, etc. Jon Balserak
250 ## - EDITION STATEMENT
Edition statement First edition
264 #1 - PRODUCTION, PUBLICATION, DISTRIBUTION, MANUFACTURE, AND COPYRIGHT NOTICE
Place of production, publication, distribution, manufacture Oxford, United Kingdom :
Name of producer, publisher, distributor, manufacturer Oxford University Press,
Date of production, publication, distribution, manufacture, or copyright notice 2016
300 ## - PHYSICAL DESCRIPTION
Extent xviii, 140 pages :
Other physical details illustrations ;
Dimensions 18 cm
336 ## - CONTENT TYPE
Content type term text
Content type code txt
Source rdacontent
337 ## - MEDIA TYPE
Media type term unmediated
Media type code n
Source rdamedia
338 ## - CARRIER TYPE
Carrier type term volume
Carrier type code nc
Source rdacarrier
490 0# - SERIES STATEMENT
Series statement Very short introductions ;
Volume/sequential designation 499
504 ## - BIBLIOGRAPHY, ETC. NOTE
Bibliography, etc. note Includes bibliographical references (pages 127-132) and index
505 0# - FORMATTED CONTENTS NOTE
Formatted contents note Calvinism: what's in a name? -- Conversion -- Culture -- Church -- Knowledge -- Covenant -- Humanity and new humanity -- God and hell
520 8# - SUMMARY, ETC.
Summary, etc. Calvinism, based on the ideas of John Calvin, is a massive religion today, with widespread church affiliations. It has influenced contemporary thought - especially western thought - on everything from civil government to money, and divorce. Jon Balserak explores the history of the religion and discusses the key ideas in Calvinist theory
600 10 - SUBJECT ADDED ENTRY--PERSONAL NAME
Personal name Calvin, Jean,
Dates associated with a name 1509-1564
9 (RLIN) 568
650 #0 - SUBJECT ADDED ENTRY--TOPICAL TERM
Topical term or geographic name entry element Calvinism
9 (RLIN) 3170
942 ## - ADDED ENTRY ELEMENTS (KOHA)
Source of classification or shelving scheme Dewey Decimal Classification
Koha item type Books
Holdings
Withdrawn status Lost status Source of classification or shelving scheme Damaged status Not for loan Home library Current Library Shelving location Date acquired Total checkouts Full call number Barcode Date last seen Copy number Price effective from Koha item type
    Dewey Decimal Classification     GRACE BIBLE COLLEGE GRACE BIBLE COLLEGE Church History 2024-05-10   284.2 BAL 020714 2025-05-01 c.1 2024-05-10 Books
© Grace Bible College Library 2025